| 000 | 00000nam##2200000za#4500 |
| 001 | 9.646842 |
| 003 | CaOODSP |
| 005 | 20250319164515 |
| 007 | ta |
| 008 | 150407|1998||||xxc||||| f|0| 0 eng|d |
| 020 | |a0-662-26516-5 |
| 040 | |aCaOODSP|beng |
| 043 | |an-cn--- |
| 086 | 1 |aH88-3/20-1998E |
| 110 | 1 |aCanada.|bHealth Canada. |bSeniors Secretariat. |
| 245 | 10|aReaching out : |ba guide to communicating with aboriginal seniors |
| 260 | |aOttawa - Ontario : |bHealth Canada. |c1998. |
| 300 | |avi, 47p. : |bgraphs ; |c26 cm. |
| 500 | |a"Reaching out suggests ways to package and deliver information to improve the chances it will reach Aboriginal seniors and be understood. The strength of this approach lies in its origin: knowledge, experience and direction provided by Aboriginal seniors living in several communities across Canada."--Introduction. |
| 520 | 3 |aReaching out suggests ways to package and deliver information to improve the chances it will reach Aboriginal seniors and be understood. The strength of this approach lies in its origin: knowledge, experience and direction provided by Aboriginal seniors living in several communities across Canada.--Introduction |
| 563 | |aSoftcover |
| 590 | |a99-32|b1999-08-13 |
| 690 | 07|aSeniors|2gcpds |
| 690 | 07|aIndigenous culture|2gcpds |
| 775 | 08|tTendons la main : |w(CaOODSP)9.680344 |
| 776 | 0#|tReaching out : |w(CaOODSP)9.695565 |